<?xml version="1.0" encoding="UTF-8"?>
<marc:record xmlns:marc="http://www.loc.gov/MARC21/slim">
   <marc:leader>00000nam a2200000 a 4500</marc:leader>
   <marc:datafield ind1="1" ind2=" " tag="100">
      <marc:subfield code="a">Poznanski, Ursula</marc:subfield>
      <marc:subfield code="4">aut</marc:subfield>
      <marc:subfield code="e">Verfasser/-in</marc:subfield>
   </marc:datafield>
   <marc:datafield ind1="0" ind2="0" tag="245">
      <marc:subfield code="a">Die Vernichteten</marc:subfield>
   </marc:datafield>
   <marc:datafield ind1="0" ind2="0" tag="245">
      <marc:subfield code="c">Ursula Poznanski</marc:subfield>
   </marc:datafield>
   <marc:datafield ind1=" " ind2="1" tag="264">
      <marc:subfield code="a">Bindlach</marc:subfield>
      <marc:subfield code="b">Loewe</marc:subfield>
      <marc:subfield code="c">2014</marc:subfield>
   </marc:datafield>
   <marc:datafield ind1="1" ind2=" " tag="520">
      <marc:subfield code="a">Finaler Band der Trilogie um Ria und ihre Freunde, die nun alles geben müssen, da das Schicksal der gesamten Menschheit auf dem Spiel steht. (ab 14) (JE) Nachdem Ria das grausame Geheimnis um Jordans Vermächtnis lüften konnte und erfährt, warum man sie ermorden wollte, wird neuerlich Verrat an ihr und ihren Freunden begangen, abermals von einem Menschen, dem sie alle vertraut hatten. Wieder ist Ria auf der Flucht, begleitet von Freunden, die wie sie alles tun wollen, um eine sich anbahnende Katastrophe abzuwenden, die einerseits von der Regierung, andererseits aus den eigenen Reihen droht. Die Rätsel haben kein Ende, Ria sieht sich mit jenen konfrontiert, die sie und ihresgleichen einst töten wollten, und ihr bleiben weitere schmerzliche Erfahrungen wie die der Trennung, des Verlusts und der Trauer nicht erspart. Doch die Ich-Erzählerin hält sich aufrecht, sie hat Sandor an ihrer Seite und sie hat eine Familie... Mit dem vorliegenden abschließenden Band um die ehemals "Verratenen" ist es der österreichischen Schriftstellerin abermals gelungen, die Spannung zu halten und sogar weiter auszubauen, sodass dieser den Vorgängerbänden um nichts nachsteht. Geeignet ab 14 Jahren und breit empfohlen.||</marc:subfield>
   </marc:datafield>
   <marc:datafield ind1=" " ind2=" " tag="020">
      <marc:subfield code="a">9783785575482</marc:subfield>
      <marc:subfield code="9">9783785575482</marc:subfield>
   </marc:datafield>
   <marc:datafield ind1=" " ind2=" " tag="020">
      <marc:subfield code="a">3785575483</marc:subfield>
      <marc:subfield code="9">3785575483</marc:subfield>
   </marc:datafield>
   <marc:datafield ind1="0" ind2=" " tag="490">
      <marc:subfield code="v">0</marc:subfield>
   </marc:datafield>
   <marc:datafield ind1=" " ind2=" " tag="300">
      <marc:subfield code="a">527 S.</marc:subfield>
   </marc:datafield>
</marc:record>
